000 00341nam a22001457a 4500
008 221013b ||||| |||| 00| 0 eng d
020 _a9780721692234
041 _aeng
080 _2second edition
_a616.053
082 _a616.053 lew
100 _a14.2
101 _aPEDI
245 _aON CALL PEDIATRICS
_cLEWIS/NOCTON
942 _2udc
_cBK
999 _c58535
_d58535